Statistics for Day #24: Countries 2400 km away from Brazil

Click here to take the quiz!

General Stats

  • This quiz has been taken 16 times
  • The average score is 7 of 7

Answer Stats

Answer% Correct
Argentina
100%
Bolivia
100%
Chile
100%
Peru
100%
Guyana
94%
Brazil
88%
Suriname
88%

Score Distribution

Percentile by Number Answered

Percent of People with Each Score

Your Score History

You have not taken this quiz